| 000 | 00675nam a2200265 a 4500 | ||
|---|---|---|---|
| 001 | vtls001317472 | ||
| 003 | NLI | ||
| 005 | 20210627051824.0 | ||
| 008 | 120608s1911 enk 001 0 eng | ||
| 039 | 9 |
_y201206081804 _zVLOAD |
|
| 040 |
_aNLI _beng _cDatasoft_IMP_S _eAACR2 |
||
| 041 | 0 | _aeng | |
| 044 | _a enk | ||
| 084 | _a155 | ||
| 100 | 1 |
_aOliver, Danie _9760634 |
|
| 245 | 1 | 0 |
_aFirst book of Indian botany / _cby Daniel Oliver |
| 260 |
_aLondon : _bMacmilan, _c1911 |
||
| 300 |
_a400 p. ; _c18 cm. |
||
| 500 | _aIncludes index | ||
| 650 | 0 | _aBotany | |
| 887 | _a | ||
| 901 |
_aIMP306342 _b12.12.1955 |
||
| 902 | _a155 D 441 | ||
| 999 |
_aVIRTUA40 _c638245 _d638245 |
||
| 942 |
_2ddc _cBKS |
||